Score 0/8 Timer 02:00
0 Plays Today
% Correct
Hokkaido
96.9%
Kanto
85.6%
Kyushu (& Okinawa)
84.8%
Shikoku
81%
Kansai
75.2%
Tohoku
69.6%
Chubu
67.8%
Chugoku
64%
Remove Ads.
Support Sporcle.
Get the best of Sporcle when you Go Orange. This ad-free experience offers more features, more stats, and more fun while also helping to support Sporcle. Thank you for becoming a member.

You're not logged in!

Compare scores with friends on all Sporcle quizzes.
OR
Log In

Show Comments

Extras

Top Quizzes Today


Score Distribution

Your Account Isn't Verified!

In order to create a playlist on Sporcle, you need to verify the email address you used during registration. Go to your Sporcle Settings to finish the process.

Report this User

Report this user for behavior that violates our Community Guidelines.

Details: